000 00517nam a2200193Ia 4500
001 29087
003 IN-NITTTR
005 20251114233358.0
008 251113s9999||||xx |||||||||||||| ||eng||
040 _beng
040 _cIN-NITTTR
041 _aeng
082 _a005.1 A1D
100 _aAho, Alfred V.
245 4 _aThe design and analysis of computer algorithms /
_cAho, Alfred V., Hopcroft John E., Ullman, Jeffrey D.
700 _a Hopcroft John E., Ullman
700 _a Jeffrey D.,
942 _2ddc
_cBK
999 _c31715
_d31715